| Tag |
First Indicator |
Second Indicator |
Subfields |
| LEADER |
00000cam a2200000 4500 |
| 001 |
in00000072245 |
| 005 |
20160106094909.0 |
| 008 |
790313s1860 nyua f 00010 eng |
| 010 |
|
|
|a 10009596
|
| 035 |
|
|
|a (OCoLC)04735556
|
| 035 |
|
|
|9 AAH3403AM
|
| 040 |
|
|
|a DLC
|c WVU
|d TXA
|d UtOrBLW
|
| 049 |
|
|
|a TXAM 2 [A08436804]
|
| 050 |
0 |
0 |
|a JK2253 1860
|b .W5
|
| 092 |
|
|
|a 342.73
|b W454n
|
| 100 |
1 |
|
|a Wells, John G.
|q (John Gaylord),
|d 1821-1880.
|
| 245 |
1 |
0 |
|a Wells' illustrated national campaign handbook for 1860.
|
| 264 |
|
1 |
|a New York :
|b J.G. Wells;
|a Cincinnati, Ohio :
|b M.R. Barnitz,
|c 1860.
|
| 300 |
|
|
|a 2 volumes in 1 :
|b frontispiece, illustrations, portraits ;
|c 19 cm.
|
| 336 |
|
|
|a text
|b txt
|2 rdacontent
|
| 337 |
|
|
|a unmediated
|b n
|2 rdamedia
|
| 338 |
|
|
|a volume
|b nc
|2 rdacarrier
|
| 505 |
0 |
|
|a pt.1. Lives of all the candidates for president and vice-president.--pt.2. Complete compendium of the political history of the United States.
|
| 650 |
|
0 |
|a Campaign literature.
|
| 651 |
|
0 |
|a United States
|x Politics and government
|v Handbooks, manuals, etc.
|
| 999 |
|
|
|a MARS
|
| 999 |
f |
f |
|s 980c18f9-16a3-3852-b1bd-760d72242f07
|i ea559c69-53eb-32bc-9418-d53698a3bf2c
|t 0
|
| 952 |
f |
f |
|p ric
|a Texas A&M University
|b Rellis Campus
|c Joint Library Facility
|d Remote Storage
|t 0
|e JK2253 1860 .W5
|h Library of Congress classification
|i unmediated -- volume
|m A14808436804
|
| 998 |
f |
f |
|a JK2253 1860 .W5
|t 0
|l Remote Storage
|